Bad Albums by Good Rappers - Statistics

General Stats
  • This quiz has been taken 36 times
  • The average score is 7 of 16
Answer Stats
Picture Hint Answer % Correct
Kanye West Vultures 2
97%
Lil Wayne Tha Carter VI
87%
Drake Some Sexy Songs 4 U
83%
Tyler, the Creator Goblin
77%
Eminem Revival
73%
Young Thug UY Scuti
70%
Lil Uzi Vert Eternal Atake 2
63%
Nas Nastradamus
43%
Snoop Dogg Missionary
33%
Lupe Fiasco Lasers
27%
Future Honest
23%
50 Cent Animal Ambition
7%
Jay-Z Unfinished Business
7%
Big Daddy Kane Prince of Darkness
3%
Dr. Dre The Aftermath
3%
Common Universal Mind Control
3%
No matching quizzes found
Score Distribution
Percent of People with Each Score
Percentile by Number Answered
Your Score History
You have not taken this quiz